MARC

LEADER 00000nam0a2200000 4500
001 174044
005 20231031164558.0
035 |a (RuTPU)RU\TPU\book\188742 
090 |a 174044 
100 |a 20100118d1909 km y0rusy50 ca 
101 0 |a ger 
102 |a DE 
105 |a a g 001zy 
200 1 |a Physik und Chemie der Gärungsgewerbe  |e Ein Hilfsbuch für Studierende und Praktiker der Gärugsgewerbe  |h Erster Teil : Physik 
210 |a Berlin  |c Verlagsbuchhandlung  |d 1909 
215 |a 191 с.  |c ил. 
320 |a Sachregister: p. 187-191. 
610 1 |a пищевая промышленность 
610 1 |a пищевая продукция 
610 1 |a пищевое производство 
610 1 |a физические процессы 
610 1 |a химические процессы 
610 1 |a брожение 
610 1 |a немецкий язык 
610 1 |a справочники 
675 |a 663/664  |v 3 
700 1 |a Mohr  |b O.  |g Otto 
801 1 |a RU  |b 63413507  |c 20100118 
801 2 |a RU  |b 63413507  |c 20101012  |g RCR 
942 |c BK